Регионална библиотека "Любен Каравелов" - Русе

Москва не е последната гара (Запис номер 483993)

MARC детайли
000 -Лидер
Лидер 01168nam a2200277 a 4500
003 - Код на организацията, давaща контролен номер
Код на организацията, даваща контролен номер BLK
005 - Дата и час на последна редакция
Дата и час на последна редакция 20241030121359.0
008 - Елементи от данни с фиксирана дължина
Елементи с фиксирана дължина 180409b bul|||||r ||||||| ||bul||
020 ## - Международен стандартен номер на книга ISBN
ISBN 9789547714618
040 ## - Източник на каталожния запис
Код на библиотеката BLK
041 ## - Код за език
Език Български
Език за КДБФ Български
080 ## - УДК
УДК текст Американска литература (на САЩ)
УДК код 821.111(73)
УДК – определител -31
УДК – код + определител 821.111(73)-31
084 ## - Класификационен индекс по друга класификация
Авторски знак Горо - Г 69
100 ## - Редна дума - Автор
Автор Горохова, Елена
R(LIN) 484304
245 10 - Сведения за заглавието
Заглавие Москва не е последната гара
Авторска отговорност Елена Горохова; прев. от англ. Ирина Иванова.
257 ## - Страна на издаване
Страна на създаване/издаване Съединени американски щати
260 ## - Област на издателските данни
Място на издаване София
Име на издателя Кръгозор
Година на издаване 2022
Печатница Добрич : ФОЛИАРТ
300 ## - Физическа характеристика
Брой страници 319 с.
Размер 21 см
380 ## - Жанр
Жанр Худож. лит.
500 ## - Общи забележки
Обща забележка Ориг. загл. A train to Moscow / Elena Gorokhova. - Биогр. данни за авт. отбелязани на гърба на кор.
700 ## - Други автори (авторска отговорност)
Друг автор Иванова, Ирина Иванова
Авт. отговорност на др. автор прев. от англ.
9 (RLIN) 1021
852 ## - Местоположение
Сигнатура (форматна) Цб 322854
Отдел Хранилище
942 ## - АРТИКУЛИ
Вид на библиотечния документ Книги
Скрит в OPAC Не
Периодичен библиозапис Да
Koha issues (borrowed), all copies 3
944 ## - СЪЗДАВАНЕ И РЕДАКЦИЯ на ЗАПИСА
Дата на регистрацията/редакция 2022-12-05
Служител, извършил регистрацията/редакцията 30529
Номер на служител Диана Гривева
999 ## - СИСТЕМНИ КОНТРОЛНИ НОМЕРА
Koha biblionumber 483993
Koha biblioitemnumber 483993
Наличности
Код за отписване Код за изгубен артикул Източник на класификационната схема Код за повреда Коз за рестрикции Код за отдаване Артикулен № Име на библиотеката - собственик Име на библиотеката, в която се намира в момента Статус (Текущо местоположение) Дата на вписване в системата Местоположение - отдел Цена в лева Систематично азбучна сигнатура Баркод Цена в евро Служебен тип на артикула Инвентарен номер
  Не е изгубен Universal Decimal Classification Не е повреден без рестрикции заемане за дома 915311 Регионална библиотека "Любен Каравелов" Русе Регионална библиотека "Любен Каравелов" Русе Заемна - подръчен фонд 2022-12-05 Заемна - подръчен фонд 11.00 821-31/Г 69 Е 120000878959 5.62 Книги  
  Не е изгубен Universal Decimal Classification Не е повреден само за читалня ползва се в читалня 943403 Регионална библиотека "Любен Каравелов" Русе Регионална библиотека "Любен Каравелов" Русе Хранилище 2024-06-05 Хранилище 22.00 Цб 322854 120000908513 11.25 Книги 120000908513
Vip Innovations Ltd, Rousse, Bulgaria 2025